000 00584cab a2200181 4500
001 ##L133140
008 060418n2006 000 0 eng u
035 _a(Sirsi) u133140
041 0 _aeng
100 1 _aDover, Molly
245 0 0 _aBut first AIM ranking shows gulf between best and worse
260 _c2006
490 0 _aProperty Week
_v71(15) 14 April 2006, 17(1)
520 _aPresents a league table of the top 56 quoted property companies by AIM share performance for the first quarter of 2006.
590 _aIKA250406
690 _aPROPERTY-PROPERTY MARKET
942 _n0
999 _c76818
_d76818